000 00507nam a2200169Ia 4500
003 OSt
005 20200608114524.0
008 190216s9999||||xx |||||||||||||| ||und||
020 _a8122800084
040 _coclc
082 _a342.54029
_bPYL/B
100 _aPylee, M V
_91582
245 0 _aBharathathinte Bharanaghadana Oru Amukhapatanam /
_cM V Pylee
260 _bHallmark Pub.Ltd,
_c1986.
_aCochin:
300 _a408p
942 _cBK
_2ddc
_h342.54029
_iPYL/B
_k342.54029
_m342.54029
999 _c20348
_d20348